[Event "Mecklenburg VP-ch U14"]
[Site "Malchow"]
[Date "2011.02.14"]
[Round "7.8"]
[White "Walliser, Simon Gregor"]
[Black "Gerloff, Sebastian"]
[Result "0-1"]
[WhiteElo "1017"]
[BlackElo "1247"]
[PlyCount "80"]
[EventDate "2011.02.14"]
[EventType "swiss"]
[EventRounds "7"]
[EventCountry "GER"]
[SourceTitle "EXT 2022"]
[Source "ChessBase"]
[SourceDate "2021.10.06"]
[SourceVersion "1"]
[SourceVersionDate "2021.10.06"]
[SourceQuality "1"]

1. e4 d5 2. exd5 Qxd5 3. Nc3 Qe4+ 4. Qe2 Qxe2+ 5. Ngxe2 c6 6. d3 Bf5 7. Bf4 Nd7 8. g3 Ngf6 9. Bg2 e6 10. 0-0 Bb4 11. a3 Ba5 12. Nd4 Bg6 13. Nf3 0-0 14. Ng5 h6 15. Nge4 Bxe4 16. dxe4 Rfd8 17. Rad1 Nf8 18. b4 Bb6 19. Ne2 Ng6 20. Bc1 Ng4 21. Rxd8+ Rxd8 22. c4 c5 23. b5 N4e5 24. Nf4 Nxf4 25. Bxf4 Nxc4 26. Bc1 Ba5 27. Bf3 Nd2 28. Rd1 Nxf3+ 29. Kf1 Rxd1+ 30. Ke2 Rxc1 31. Kxf3 Kf8 32. h4 Rc3+ 33. Kf4 Bc7+ 34. Kg4 Rxa3 35. f4 Ba5 36. f5 exf5+ 37. exf5 Be1 38. Kh5 b6 39. g4 Rh3 40. g5 Rxh4# 0-1

[Event "Mecklenburg VP-ch U12"]
[Site "Malchow"]
[Date "2009.02.07"]
[Round "2.7"]
[White "Wagner, Swenja"]
[Black "Walliser, Simon Gregor"]
[Result "1-0"]
[WhiteElo "855"]
[BlackElo "964"]
[PlyCount "71"]
[EventDate "2009.02.07"]
[EventType "swiss"]
[EventRounds "7"]
[EventCountry "GER"]
[SourceTitle "EXT 2022"]
[Source "ChessBase"]
[SourceDate "2021.10.06"]
[SourceVersion "1"]
[SourceVersionDate "2021.10.06"]
[SourceQuality "1"]

1. e4 e6 2. d4 d5 3. Nc3 Bb4 4. Bd2 Nc6 5. Nf3 Nf6 6. e5 Ne4 7. Nxe4 dxe4 8. Bxb4 Nxb4 9. Nd2 Bd7 10. Nxe4 Bc6 11. Bd3 Qe7 12. Qd2 0-0-0 13. c3 Nd5 14. Ng5 h6 15. Ne4 Nb6 16. 0-0 f5 17. Nc5 g5 18. Qe2 f4 19. Ba6 Rd5 20. Bc4 Nxc4 21. Qxc4 h5 22. g3 fxg3 23. fxg3 h4 24. gxh4 gxh4 25. Rf2 Rg8+ 26. Rg2 h3 27. Rxg8+ Be8 28. Qb4 b6 29. Na6 Qf7 30. Rf8 Qg7+ 31. Kf2 Ra5 32. Rg1 Qd7 33. Rgg8 Rxa6 34. Rxe8+ Qxe8 35. Rxe8+ Kd7 36. Qb5+ 1-0